| 000 | 00925nam a22002414a 4500 | ||
|---|---|---|---|
| 999 |
_c818 _d818 |
||
| 001 | 4613 | ||
| 003 | BD-DhUAP | ||
| 005 | 20200128120534.0 | ||
| 008 | 200128s2000 ii b 001 0 eng | ||
| 020 | _a0761994378 | ||
| 020 | _a8170369290 | ||
| 040 |
_aBD-DhUAP _cBD-DhUAP _dBD-DhUAP _bEng |
||
| 082 | 0 | 0 |
_a335 MUK _223 |
| 100 | 1 |
_aMukherjee, Subrata. _916799 |
|
| 245 | 1 | 2 |
_aA history of socialist thought : _bfrom the precursors to the present / _cSubrata Mukherjee and Sushila Ramaswamy. |
| 260 |
_aNew Delhi _bSage Publications , _cc2000. |
||
| 300 |
_a464 pages ; _c22 cm. |
||
| 504 | _aIncludes bibliographical references and index. | ||
| 650 | 0 |
_aSocialism _xPhilosophy _xHistory. _916800 |
|
| 700 | 1 |
_aRamaswamy, Sushila _916801 |
|
| 942 |
_2ddc _cBK |
||